|
|
|
|
| LEADER |
01046nam a2200361 4500 |
| 001 |
DLU040028037 |
| 040 |
# |
# |
|a DLU
|b vie
|
| 041 |
# |
# |
|a vie
|
| 044 |
# |
# |
|a vn
|
| 082 |
# |
# |
|a 570
|b TR-T
|
| 100 |
# |
# |
|a Trần Thị Tình
|
| 245 |
# |
# |
|a Khu hệ vi tảo hồ Xuân Hương và hồ Chiến Thắng Đà Lạt /
|c Trần Thị Tình
|
| 260 |
# |
# |
|a Đà Lạt :
|b Trường Đại học Đà Lạt,
|c 2003
|
| 300 |
# |
# |
|a 55, [30] tr. ;
|c 30 cm
|
| 504 |
# |
# |
|a Tài liệu tham khảo : tr. 54 - 55
|
| 653 |
# |
# |
|a Đà Lạt
|
| 653 |
# |
# |
|a Hồ Chiến Thắng
|
| 653 |
# |
# |
|a Hồ Xuân Hương
|
| 653 |
# |
# |
|a Khu hệ
|
| 653 |
# |
# |
|a Thủy vực
|
| 653 |
# |
# |
|a Vi tảo
|
| 700 |
# |
# |
|a Dương Đức Tiến
|e hướng dẫn
|
| 901 |
# |
# |
|a /libol50/attach/doc/doc20070625WLHP.pdf
|
| 915 |
# |
# |
|a Sinh học,
|c Thạc sĩ.
|d Trường Đại học Đà Lạt
|
| 992 |
# |
# |
|a 0
|
| 994 |
# |
# |
|a DLU
|
| 900 |
# |
# |
|a True
|
| 911 |
# |
# |
|a Thái Thị Thanh Thủy
|
| 925 |
# |
# |
|a G
|
| 926 |
# |
# |
|a A
|
| 927 |
# |
# |
|a LA
|
| 980 |
# |
# |
|a Thư viện Trường Đại học Đà Lạt
|